000 01278nam a2200289 i 4500
001 bg
245 0 0 _aOceny oddziaływania dróg na środowisko.
_nCz. 2,
_pAneksy /
_c[zespół aut. ; red. całości Marian Tracz ; kier. zespołu, Janusz Bohatkiewicz, Stanisław Radosz ; aut. aneksów J. Bohatkiewicz et al.] ; Generalna Dyrekcja Dróg Publicznych.
250 _aWyd. 2 rozsz. i uaktual.
260 _aWarszawa :
_bGDDP ;
_aKraków :
_b"Ekodroga",
_c1999.
300 _a188 s. pag. varia :
_bfot. kolor., 2 mapy, 2 pl., rys., wykr. ;
_c24 cm.
504 _aBibliogr. przy rozdz.
650 9 _aDrogi
_xbudownictwo
_xhigiena
_zPolska
_yod 1989 r.
650 9 _aKomunikacja drogowa
_xplanowanie przestrzenne
_zPolska
650 9 _aMotoryzacja a środowisko człowieka
_xbadanie
_zPolska
_yod 1989 r.
650 9 _aŚrodowisko człowieka
_xhigiena i ochrona
_xbadanie
_zPolska
_yod 1989 r.
700 1 _aTRACZ, Marian.
_eRed.
700 1 _aBOHATKIEWICZ Janusz,.
_eRed.
700 1 _aRADOSZ, Stanisław.
_eRed.
710 0 _aGeneralna Dyrekcja Dróg Publicznych
020 _a8390536234 (2 cz.)
040 _cBPK
041 0 _apl
080 _a504.05:625.7/.8:656.1](438)"1989/..."
920 _a83-905362-3-4 (2 cz.)
942 _cKS
008 s pl f |000 0 pol
999 _c36050
_d36050
856 _uhttp://koha.tu.koszalin.pl/cgi-bin/koha/opac-detail.pl?biblionumber=36050
_yKatalog online BPK